Maďarská národná banka
Charakteristika prvej nezávislej maďarskej centrálnej banky - Maďarskej národnej banky. Rozhovor s jej guvernérom Zsigmondom Járaiom.
Saved in:
| Main Author: | |
|---|---|
| Other Authors: | |
| Format: | Book Chapter |
| Language: | Slovak |
| Subjects: | |
| Tags: |
No Tags, Be the first to tag this record!
|
MARC
| LEADER | 00000naa a2200000 4500 | ||
|---|---|---|---|
| 001 | r042265 | ||
| 005 | 20220729111001.3 | ||
| 041 | 0 | |a slo | |
| 044 | |a SK | ||
| 245 | 1 | 0 | |a Maďarská národná banka |c Aut.interv. Igor Rétalji, účast. interv. Zsigmond Járai |
| 520 | |a Charakteristika prvej nezávislej maďarskej centrálnej banky - Maďarskej národnej banky. Rozhovor s jej guvernérom Zsigmondom Járaiom. | ||
| 610 | 2 | 0 | |a Maďarská národná banka |
| 610 | 2 | 0 | |a banky centrálne |
| 610 | 2 | 0 | |a Maďarsko |
| 610 | 2 | 0 | |a história |
| 610 | 2 | 0 | |a štruktúra organizačná |
| 100 | 1 | |a Rétalji, Igor | |
| 700 | 1 | |a Járai, Zsigmond | |